Description du vécu des homosexuels masculins suivis dans une clinique de la ville d’Abidjan (Côte d’Ivoire) (notice n° 1866741)

détails MARC
000 -LEADER
fixed length control field 04866cam a2200373 4500500
005 - DATE AND TIME OF LATEST TRANSACTION
control field 20260329011958.0
041 ## - LANGUAGE CODE
Language code of text/sound track or separate title fre
042 ## - AUTHENTICATION CODE
Authentication code dc
100 10 - MAIN ENTRY--PERSONAL NAME
Personal name Yao, Eugène Konan
Relator term author
245 00 - TITLE STATEMENT
Title Description du vécu des homosexuels masculins suivis dans une clinique de la ville d’Abidjan (Côte d’Ivoire)
260 ## - PUBLICATION, DISTRIBUTION, ETC.
Date of publication, distribution, etc. 2012.<br/>
500 ## - GENERAL NOTE
General note 45
520 ## - SUMMARY, ETC.
Summary, etc. De Juillet à Septembre 2009, nous avons réalisé à la Clinique de Confiance de Marcory (Abidjan, Côte d’Ivoire), une étude transversale à visée descriptive qui avait pour objectif général la description du vécu des homosexuels. L’âge moyen des 150 homosexuels objets de notre étude était de 23,6 ans. La majorité avait au moins le niveau d’étude secondaire (79,3%). Parmi les homosexuels interrogés, 56% affirmaient être nés homosexuels et 68,7% avaient un antécédent de relation hétérosexuelle. La majorité (62%) n’avait pas informé l’entourage sur leur comportement homosexuel. Toutefois, 71,3% des enquêtés avaient au moins un homosexuel dans leur entourage. Ceux qui avaient au moins un enfant représentaient 22%. Des comportements sexuels à risque ont été retrouvés chez certains homosexuels. Il s’agissait notamment du multipartenariat sexuel (67,3%), de l’utilisation non systématique du préservatif lors des rapports sexuels (28,7%) et des rapports sexuels en échange de faveurs (32%). Plus de la moitié des enquêtés étaient des homosexuels passifs (56,7%) et des bisexuels (52%). Concernant le VIH, les séro-ignorants représentaient 32,7%. Seuls 4% des homosexuels n’étaient pas satisfaits sexuellement. Parmi les homosexuels, 37,3% affirmaient avoir été victimes de violences dans la rue. Il s’agissait essentiellement de violences verbales (83,9%). Plus de la moitié des homosexuels n’était pas prête à afficher publiquement leur homosexualité (52%). La peur d’être rejeté (38,4%) et la préservation de l’honneur de la famille (23,1%) étaient les principales raisons évoquées. Afin de faciliter l’intégration des homosexuels dans la communauté, la majorité avait exprimé des attentes à l’endroit de leur famille (84%), de la société (96%) et de l’état (96,7%). La prise en compte de ces résultats pourrait contribuer à réduire la stigmatisation et la discrimination des homosexuels dans la société ivoirienne.
520 ## - SUMMARY, ETC.
Summary, etc. From July to September 2009, we realized at the “Clinique de Confiance” of Marcory (Abidjan, Cote d’Ivoire), a transversal and descriptive study about the real life of 150 homosexual males. Mean age was 23.6 years. The majority had at least secondary level of education (79.3%). Among the homosexuals interviewed, 56% said they were born homosexual and 68.7% had a previous heterosexual relationship. The majority of the homosexuals interviewed (62%) had not informed the family circle of their homosexual behavior. However, 71.3% had at least one homosexual in their family circle. Those who had at least one child accounted for 22%. Homosexuals had sexual risk behavior. It was particularly the sexual multipartnership (67.3%), non-systematic use of the condom during sexual relation (28.7%) and sexual intercourse in exchange for certain favors (32 %). More than half investigated were passive homosexuals (56,7 %) and bisexual (52 %). Regarding HIV, 32.7% did not know their status. Only 4% of homosexuals were not sexually satisfied. Among the homosexuals, 37,3 % asserted having been victims of violence in the street. It was essentially verbal violence (83,9 %). More than half homosexuals were not ready to show publicly their homosexuality (52 %). The fear of being rejected (38,4 %) and the preservation of their family honor (23,1 %) were the main reasons. To facilitate the integration of homosexuals in the community, the majority had expectations for their families (84%), society (96%) and State (96.7%). Taking into account these results could help reduce stigmatization and discrimination against homosexuals in ivorian society.
690 ## - LOCAL SUBJECT ADDED ENTRY--TOPICAL TERM (OCLC, RLIN)
Topical term or geographic name as entry element Abidjan
690 ## - LOCAL SUBJECT ADDED ENTRY--TOPICAL TERM (OCLC, RLIN)
Topical term or geographic name as entry element Côte d’Ivoire
690 ## - LOCAL SUBJECT ADDED ENTRY--TOPICAL TERM (OCLC, RLIN)
Topical term or geographic name as entry element Homosexuel
690 ## - LOCAL SUBJECT ADDED ENTRY--TOPICAL TERM (OCLC, RLIN)
Topical term or geographic name as entry element vécu
690 ## - LOCAL SUBJECT ADDED ENTRY--TOPICAL TERM (OCLC, RLIN)
Topical term or geographic name as entry element Abidjan
690 ## - LOCAL SUBJECT ADDED ENTRY--TOPICAL TERM (OCLC, RLIN)
Topical term or geographic name as entry element Côte d’Ivoire
690 ## - LOCAL SUBJECT ADDED ENTRY--TOPICAL TERM (OCLC, RLIN)
Topical term or geographic name as entry element homosexual
690 ## - LOCAL SUBJECT ADDED ENTRY--TOPICAL TERM (OCLC, RLIN)
Topical term or geographic name as entry element real-life
700 10 - ADDED ENTRY--PERSONAL NAME
Personal name Yeo-Tenena, Yessonguilan
Relator term author
700 10 - ADDED ENTRY--PERSONAL NAME
Personal name Tetchi, Ekissi Orsot
Relator term author
700 10 - ADDED ENTRY--PERSONAL NAME
Personal name Aké-Tano, Odile
Relator term author
700 10 - ADDED ENTRY--PERSONAL NAME
Personal name Kokora Ekou, Franck
Relator term author
700 10 - ADDED ENTRY--PERSONAL NAME
Personal name Sablé, Parfait Stéphane
Relator term author
700 10 - ADDED ENTRY--PERSONAL NAME
Personal name Saraka Kouadio, Walter Olivier
Relator term author
700 10 - ADDED ENTRY--PERSONAL NAME
Personal name Kouakou, Kouassi
Relator term author
700 10 - ADDED ENTRY--PERSONAL NAME
Personal name Ehouman, Sylvain
Relator term author
700 10 - ADDED ENTRY--PERSONAL NAME
Personal name Drissa, Koné
Relator term author
786 0# - DATA SOURCE ENTRY
Note Psy Cause | 61 | 2 | 2012-01-13 | p. 17-24 | 1245-2394
856 41 - ELECTRONIC LOCATION AND ACCESS
Uniform Resource Identifier <a href="https://shs.cairn.info/revue-psy-cause-2012-2-page-17?lang=fr&redirect-ssocas=7080">https://shs.cairn.info/revue-psy-cause-2012-2-page-17?lang=fr&redirect-ssocas=7080</a>

Pas d'exemplaire disponible.

PLUDOC

PLUDOC est la plateforme unique et centralisée de gestion des bibliothèques physiques et numériques de Guinée administré par le CEDUST. Elle est la plus grande base de données de ressources documentaires pour les Étudiants, Enseignants chercheurs et Chercheurs de Guinée.

Adresse

627 919 101/664 919 101

25 boulevard du commerce
Kaloum, Conakry, Guinée

Réseaux sociaux

Powered by Netsen Group @ 2025